[Event "Anti Cheating Blitz Cup"]
[Site "Chess.com INT"]
[Date "2020.05.20"]
[Round "1"]
[White "Bonaposta, Fabrizio"]
[Black "Manigandan, Harshal"]
[Result "1-0"]
[WhiteElo "2090"]
[BlackElo "1279"]
[PlyCount "67"]
[EventDate "2020.05.20"]
[EventType "swiss (blitz)"]
[EventRounds "11"]
[EventCountry "USA"]
[SourceTitle "CBM 196 Extra"]
[Source "ChessBase"]
[SourceDate "2020.07.31"]
[SourceVersion "1"]
[SourceVersionDate "2020.07.31"]
[SourceQuality "1"]

1. e4 e5 2. Nf3 Nc6 3. d4 exd4 4. Nxd4 Bc5 5. Nb3 Bb6 6. Nc3 Nf6 7. Qe2 d6 8. Be3 0-0 9. 0-0-0 Bxe3+ 10. Qxe3 Re8 11. f3 a5 12. Nd4 Nxd4 13. Qxd4 c5 14. Qxd6 Qxd6 15. Rxd6 Be6 16. Bb5 Red8 17. Rhd1 Rxd6 18. Rxd6 h6 19. a3 Rb8 20. Na4 c4 21. Nc5 b6 22. Nxe6 fxe6 23. Bxc4 Re8 24. Rxb6 Kh8 25. Rxe6 Rxe6 26. Bxe6 Ne8 27. b4 axb4 28. axb4 Nc7 29. Bc4 g5 30. b5 Na8 31. Bd5 Nb6 32. c4 Kg7 33. c5 Nc8 34. b6 1-0